000 00387nam a2200157 i 4500
001 bg
100 1 _aROGIŃSKI, R.
245 0 _aWalka z hałasem w komunikacji i przemyśle /
_cR. Rogiński, J. Sadowski.
260 _aWarszawa,
_c1965.
650 9 _aHałas
700 1 _aSADOWSKI, J.
040 _cBPK
041 _apol
942 _cKS
008 s pl f |000 0 pol
999 _c15984
_d15984
856 _uhttp://koha.tu.koszalin.pl/cgi-bin/koha/opac-detail.pl?biblionumber=15984
_yKatalog online BPK